000 00723nam a2200301Ia 4500
005 20260401122443.0
008 008 250103s9999 xx 000 0 eng d
020 _a9781594744297
037 _aTB
040 _aEDL
040 _beng
040 _cEDL
041 _2eng
041 _aeng
084 _a823.912RIG
084 _qEDL
100 _aRiggs, Ransom
_91233667
245 4 _aThe Sherlock Holmes Handbook : The methods and mysteries of the world's greatest detective
245 0 _cRiggs, Ransom
260 _aPhiladephia, USA
260 _bQuirk Books
260 _c2009
300 _a221p
942 _cTB
942 _h823.912RIG
999 _c1847386
_d1847386